LIBRARY & INFORMATION CENTRE, KCAET, TAVANUR

ONLINE PUBLIC ACCESS CATALOGUE (OPAC)

Probability And Statistics in Engineering (Record no. 14368)

MARC details
000 -LEADER
fixed length control field 00366nam a22001457a 4500
020 ## - INTERNATIONAL STANDARD BOOK NUMBER
ISBN 9788126526469
082 ## - DEWEY DECIMAL CLASSIFICATION NUMBER
Classification number 519.62462
Item number HIN/PR
100 ## - MAIN ENTRY--AUTHOR NAME
Personal name Hines,William.W
100 ## - MAIN ENTRY--AUTHOR NAME
Personal name Montgomery,Douglas.C
245 ## - TITLE STATEMENT
Title Probability And Statistics in Engineering
250 ## - EDITION STATEMENT
Edition statement 4
260 ## - PUBLICATION, DISTRIBUTION, ETC. (IMPRINT)
Place of publication New Delhi
Name of publisher Wiley India Pvt.Ltd
Year of publication 2014
300 ## - PHYSICAL DESCRIPTION
Number of Pages 655
942 ## - ADDED ENTRY ELEMENTS (KOHA)
Koha item type Books
Holdings
Withdrawn status Lost status Damaged status Collection code Home library Current library Shelving location Date acquired Source of acquisition Cost, normal purchase price Full call number Accession Number Koha item type
        KAUAET KAUAET General Stacks 24/06/2016 Dream Tech, Trivandrum 599.00 519.62462 HIN/PR 24791 Books
free website counter